| 000 | 00928nam a22003137a 4500 | ||
|---|---|---|---|
| 003 | CHAP | ||
| 005 | 20220329135729.0 | ||
| 008 | 971013s1978 r 00010 d | ||
| 010 | _a41221 | ||
| 011 | _a42193 | ||
| 035 | _a46321 | ||
| 040 | _cCHAP | ||
| 082 |
_a146.3 _bE5Y |
||
| 100 | 0 | 0 |
_aEngels, Friedrich. _936962 |
| 245 | _aObjeto y método de la economía política | ||
| 260 |
_aMéxico, D. F. : _bNuestro Tiempo, _c1978 |
||
| 300 | _a227 p. | ||
| 490 | _aTeoría e historia | ||
| 590 |
_aBATCH-UPD _b10 _c20130110 _lUCH01 _h1838 |
||
| 590 |
_aBATCH-UPD _b10 _c20130410 _lUCH01 _h1209 |
||
| 590 |
_aBATCH-UPD _b10 _c20130914 _lUCH01 _h1231 |
||
| 590 |
_aCONVERSION _b10 _c20130109 _lUCH01 _h1323 |
||
| 650 | 1 | 4 |
_aEconomía. _935226 |
| 650 | 1 | 4 |
_aMaterialismo. _972956 |
| 830 | 0 |
_aTeoría e historia _9112310 |
|
| 901 | _aBK | ||
| 942 | _cLIBRO | ||
| 949 |
_a146.3 E5Y _bBC _cLIBRO _d33724000274254 _eLIBRO _h48596 _i46321 _si |
||
| 999 |
_c41221 _d41221 |
||